A botanical bibliography of the islands of the Pacific. (Record no. 52782)
[ view plain ]
| 000 -LEADER | |
|---|---|
| fixed length control field | 01234cam a22002651 4500 |
| 001 - CONTROL NUMBER | |
| control field | s 47000001 |
| 003 - CONTROL NUMBER IDENTIFIER | |
| control field | DLC |
| 005 - DATE AND TIME OF LATEST TRANSACTION | |
| control field | 20260227111912.0 |
| 008 - FIXED-LENGTH DATA ELEMENTS--GENERAL INFORMATION | |
| fixed length control field | 770406s1947 dcu b f001 0 eng c |
| 010 ## - LIBRARY OF CONGRESS CONTROL NUMBER | |
| LC control number | s 47000001 |
| 035 ## - SYSTEM CONTROL NUMBER | |
| System control number | (OCoLC)2866272 |
| 040 ## - CATALOGING SOURCE | |
| Original cataloging agency | Smithsonian Institution. Library |
| Transcribing agency | ScCC |
| Modifying agency | OCoLC |
| -- | DLC |
| 042 ## - AUTHENTICATION CODE | |
| Authentication code | premarc |
| 050 00 - LIBRARY OF CONGRESS CALL NUMBER | |
| Classification number | QK1 |
| Item number | .U5 vol. 30, pt. 1 |
| 082 ## - DEWEY DECIMAL CLASSIFICATION NUMBER | |
| Classification number | 016.58199 |
| 100 1# - MAIN ENTRY--PERSONAL NAME | |
| Personal name | Merrill, Elmer Drew, |
| Dates associated with a name | 1876-1956. |
| 245 12 - TITLE STATEMENT | |
| Title | A botanical bibliography of the islands of the Pacific. |
| Remainder of title | A subject index to Elmer D. Merrill's "A botanical bibliography of the islands of the Pacific" |
| Statement of responsibility, etc. | by E.H. Walker. |
| 260 ## - PUBLICATION, DISTRIBUTION, ETC. | |
| Place of publication, distribution, etc. | Washington, |
| Name of publisher, distributor, etc. | U.S. Govt. Print. Off., |
| Date of publication, distribution, etc. | 1947. |
| 300 ## - PHYSICAL DESCRIPTION | |
| Extent | v, 404 p. |
| Dimensions | 25 cm. |
| 490 1# - SERIES STATEMENT | |
| Series statement | Smithsonian Institution. United States National Museum. Contributions from the United States National Herbarium, |
| Volume/sequential designation | v. 30, pt. 1 |
| 500 ## - GENERAL NOTE | |
| General note | "The first [paper] ... is a revision of two papers published in 1924 and 1937 by the Bernice P. Bishop Museum, with the addition of numerous titles." |
| 650 #0 - SUBJECT ADDED ENTRY--TOPICAL TERM | |
| Topical term or geographic name entry element | Botany |
| Geographic subdivision | Oceania |
| Form subdivision | Bibliography. |
| 700 1# - ADDED ENTRY--PERSONAL NAME | |
| Personal name | Walker, Egbert H. |
| Fuller form of name | (Egbert Hamilton), |
| Dates associated with a name | 1899-1991. |
| 830 #0 - SERIES ADDED ENTRY--UNIFORM TITLE | |
| Uniform title | Contributions from the United States National Herbarium ; |
| Volume/sequential designation | v. 30, pt. 1. |
No items available.